Inspiration of the Scripture (Record no. 4591)

MARC details
000 -LEADER
fixed length control field 00591nam a2200241 a 4500
020 ## - INTERNATIONAL STANDARD BOOK NUMBER
ISBN
082 00 - DEWEY DECIMAL CLASSIFICATION NUMBER
Classification number 220.13
Author Cutter BOE
100 ## - MAIN ENTRY--AUTHOR NAME
Author name Boettner, Loraine
245 ## - TITLE STATEMENT
Title Inspiration of the Scripture
260 ## - PUBLICATION, DISTRIBUTION, ETC. (IMPRINT)
Place of publication Michigan
Name of publisher Wm.B. Eerdmans Pub Co,
Year of publication 1937
300 ## - PHYSICAL DESCRIPTION
Number of Pages 88p
500 ## - GENERAL NOTE
General note includes index and biblioraphy
505 2# - FORMATTED CONTENTS NOTE
Formatted contents note Urdu-Arabic
650 ## - SUBJECT ADDED ENTRY--TOPICAL TERM
Topical Term Bible-Inspiration
942 ## - ADDED ENTRY ELEMENTS (KOHA)
Koha item type Books
700 1# -
-- Boettner, Loraine
Holdings
Home library Current library Date acquired Cost, normal purchase price Full call number Accession Number Koha item type
Henry Martyn Institute Library Henry Martyn Institute Library 06/15/2007 10.00 220.13 BOE 9946 Archive Book
                   Copyright © 2026 | Henry Martyn Institute | Hyderabad | TS-500052 | INDIA | Implemented by hmi.edu.in
Hit-Count:

Powered by Koha